FocusOn global hotel management agreement trends (Record no. 104342)

MARC details
000 -LEADER
fixed length control field 01135cam a2200169 4500
001 - CONTROL NUMBER
control field L130088
008 - FIXED-LENGTH DATA ELEMENTS--GENERAL INFORMATION
fixed length control field 050621n 000 0 eng u
035 ## - SYSTEM CONTROL NUMBER
System control number (Sirsi) u130088
041 ## - LANGUAGE CODE
Language code of text/sound track or separate title eng
110 ## - MAIN ENTRY--CORPORATE NAME
Corporate name or jurisdiction name as entry element Jones Lang LaSalle
9 (RLIN) 3755
245 ## - TITLE STATEMENT
Title FocusOn global hotel management agreement trends
520 ## - SUMMARY, ETC.
Summary, etc. A review of recently negotiated hotel management agreements and leases produced by CMS Cameron McKenna in conjunction with Jones Lang LaSalle Hotels. The results are based on an analysis of over 80 hotel management agreements and leases negotiated over the last four years across Europe, Asia Pacific and the Americas. Shows that only minor changes have occurred globally due to key commercial terms of hotel management agreements having moved as far as possible in favour of owners. [Taken from journal abstract].
590 ## - LOCAL NOTE (RLIN)
Local note IKA040705
690 ## - LOCAL SUBJECT ADDED ENTRY--TOPICAL TERM (OCLC, RLIN)
Topical term or geographic name as entry element PROPERTY-COMMERCIAL PROPERTY-LEISURE PROPERTY-HOLIDAY AND GUEST PROPERTY-HOTEL PROPERTY-HOTELS
856 ## - ELECTRONIC LOCATION AND ACCESS
Uniform Resource Identifier <a href="https://www.joneslanglasallehotels.com/en-us/research/researchabstract?artid=1787">https://www.joneslanglasallehotels.com/en-us/research/researchabstract?artid=1787</a>
Public note View the item free of charge at www.joneslandlasallehotels.com...
942 ## - ADDED ENTRY ELEMENTS (KOHA)
Suppress in OPAC 0
Holdings
Withdrawn status Lost status Source of classification or shelving scheme Damaged status Not for loan Home library Current library Shelving location Date acquired Total Checkouts Full call number Barcode Date last seen Copy number Price effective from Koha item type
    Dewey Decimal Classification     Virtual Virtual Online 27/06/2005   ONLINE PUBLICATION 130088-2001 06/08/2019 1 06/08/2019 Journal article